Statistics for Most Populated European Non-Russian Cities

Click here to take the quiz!

General Stats

  • This quiz has been taken 83 times
  • The average score is 19 of 22

Answer Stats

PopAnswer% Correct
8,825,001London
100%
2,241,356Paris
100%
3,182,981Madrid
99%
3,711,930Berlin
97%
1,620,809Barcelona
97%
1,380,873Milan
94%
2,879,038Rome
94%
1,521,678Munich
90%
1,748,916Warsaw
90%
2,934,301Kiev
89%
1,759,407Budapest
89%
1,758,041Hamburg
87%
2,106,144Bucharest
86%
1,223,000Birmingham
82%
1,301,132Prague
81%
1,171,828Brussels
81%
1,899,905Vienna
80%
1,369,000Belgrade
75%
1,324,024Sofia
75%
1,949,400Minsk
72%
1,039,088Cologne
62%
1,431,565Kharkiv
41%

Score Distribution

Percentile by Number Answered

Percent of People with Each Score

Your Score History

You have not taken this quiz